All Bronx neighborhoods - Statistics

General Stats
  • This quiz has been taken 53 times
  • The average score is 25 of 72
Answer Stats
Answer % Correct
Riverdale
94%
Co-op city
79%
Fordham
79%
Mott haven
79%
Eastchester
76%
Pelham bay
70%
Tremont
70%
Hunts point
67%
Kingsbridge
67%
Soundview
67%
Pelham parkway
64%
Baychester
61%
Castle hill
58%
City island
58%
Country club
58%
Highbridge
58%
Parkchester
58%
Wakefield
58%
Melrose
55%
Morris park
55%
Throgs neck
55%
Concourse
52%
Spuyten duyvil
52%
Allerton
45%
Belmont
45%
North riverdale
45%
Norwood
45%
Westchester square
45%
Williamsbridge
45%
Morris heights
42%
University heights
42%
Edenwald
39%
Morrisania
39%
Pelham gardens
39%
Unionport
39%
Claremont
36%
Fieldston
36%
Longwood
30%
Mount hope
30%
Bedford park
27%
Clason point
27%
Fordham Heights
27%
Van nest
27%
Kingsbridge heights
24%
Olinville
24%
Fordham manor
21%
Woodlawn heights
21%
Port morris
18%
Silver beach
15%
East tremont
12%
Bronx river
9%
Bruckner
9%
Crotona park east
9%
Foxhurst
9%
Harding park
9%
Woodstock
9%
Bathgate
6%
Edgewater park
6%
Laconia
6%
Park versailles
6%
Schulerville
6%
Bronxwood
3%
Jerome park
3%
The hub
3%
Westchester heights
3%
Bronxdale
0%
Central Riverdale
0%
Fairmount
0%
Hudson Hill
0%
Indian village
0%
Van cortlandt village
0%
Washingtonville
0%
No matching quizzes found
Score Distribution
Percent of People with Each Score
Percentile by Number Answered
Your Score History
You have not taken this quiz